What therapists say and why they say it : (Record no. 10152)
[ view plain ]
| 000 -LEADER | |
|---|---|
| fixed length control field | 00552cam a2200193 4500 |
| 001 - CONTROL NUMBER | |
| control field | 5876 |
| 005 - DATE AND TIME OF LATEST TRANSACTION | |
| control field | 20250312154719.0 |
| 008 - FIXED-LENGTH DATA ELEMENTS--GENERAL INFORMATION | |
| fixed length control field | 140526t20142014ii a 001 0 eng |
| 010 ## - LIBRARY OF CONGRESS CONTROL NUMBER | |
| LC control number | 2014355750 |
| 020 ## - INTERNATIONAL STANDARD BOOK NUMBER | |
| International Standard Book Number | 9780367355302 |
| 082 ## - DEWEY DECIMAL CLASSIFICATION NUMBER | |
| Classification number | 616.89 McH |
| 100 1# - MAIN ENTRY--PERSONAL NAME | |
| Personal name | McHenry, Bill. |
| 245 10 - TITLE STATEMENT | |
| Title | What therapists say and why they say it : |
| Medium | effective therapeutic responses and techniques. |
| 260 ## - PUBLICATION, DISTRIBUTION, ETC. | |
| Place of publication, distribution, etc. | New York : |
| Name of publisher, distributor, etc. | Taylor & Francis, |
| Date of publication, distribution, etc. | 2021. |
| 300 ## - PHYSICAL DESCRIPTION | |
| Extent | xiii, 213 p. : |
| Other physical details | ill. ; |
| Dimensions | 26 cm |
| 500 ## - GENERAL NOTE | |
| General note | Includes index. |
| 650 #0 - SUBJECT ADDED ENTRY--TOPICAL TERM | |
| Form subdivision | . |
| 942 ## - ADDED ENTRY ELEMENTS (KOHA) | |
| Source of classification or shelving scheme | Dewey Decimal Classification |
| Koha item type | Main |
| Withdrawn status | Lost status | Source of classification or shelving scheme | Damaged status | Not for loan | Collection code | Home library | Current library | Shelving location | Date acquired | Inventory number | Total Checkouts | Full call number | Barcode | Date last seen | Price effective from | Koha item type |
|---|---|---|---|---|---|---|---|---|---|---|---|---|---|---|---|---|
| Dewey Decimal Classification | Main TEST | RTC Library | RTC Library | Main opac | 12/03/2025 | 19162 | 616.89 McH c2 | 3002326 | 12/03/2025 | 12/03/2025 | Main | |||||
| Dewey Decimal Classification | Main TEST | RTC Library | RTC Library | Main opac | 12/03/2025 | 19161 | 616.89 McH c1 | 30020325 | 12/03/2025 | 12/03/2025 | Main |